[Event "I OPEN INTERNACIONAL HOTEL MURTA (Event code: 116333)"]
[Site "Hotel Murta, Carrer Catedràtic Angel Lacalle, s/n, 46800 Xativa (Valencia)"]
[Date "2015.08.26"]
[Round "3"]
[Board "6"]
[White "Morant Amezaga, Elies"]
[Black "Serrano Felipe, Rafael"]
[Result "1-0"]
[WhiteElo "1975"]
[BlackElo "2168"]
[PlyCount "99"]
[EventDate "2015.08.25"]
[EventRounds "9"]
[EventCountry "ESP"]

1. d4 Nf6 2. c4 c5 3. d5 e6 4. Nc3 exd5 5. cxd5 d6 6. e4 g6 7. Nf3 Bg7 8. Be2
a6 9. a4 Bg4 10. O-O Bxf3 11. Bxf3 O-O 12. Bg5 Nbd7 13. Qd2 Re8 14. g3 c4 15.
Be3 Qc7 16. a5 Nc5 17. Bxc5 Qxc5 18. Na4 Qb5 19. Nb6 Rad8 20. Qc2 Nd7 21. Qxc4
Qxb2 22. Rab1 Nxb6 23. axb6 Qf6 24. Bg4 h5 25. Bh3 h4 26. Qc7 Rb8 27. Bd7 Red8
28. Kg2 Qe7 29. Bc8 Qxc7 30. bxc7 Rdxc8 31. cxb8=Q Rxb8 32. Rb6 Bd4 33. Rxd6
Bc5 34. Rd7 b5 35. Rc1 Bb6 36. Rb1 Kf8 37. d6 Bd8 38. e5 Ke8 39. Ra7 a5 40. Kf3
b4 41. Ke4 Rb5 42. f4 Rc5 43. Kd3 Rc3+ 44. Kd2 Rc4 45. Rc1 Rd4+ 46. Ke3 Rd5 47.
Ke4 Rb5 48. Rc8 b3 49. Raa8 Rb4+ 50. Kd3 1-0

[Event "I OPEN INTERNACIONAL HOTEL MURTA (Event code: 116333)"]
[Site "Hotel Murta, Carrer Catedràtic Angel Lacalle, s/n, 46800 Xativa (Valencia)"]
[Date "2015.08.26"]
[Round "3"]
[Board "7"]
[White "Garcia Amoros, Pablo"]
[Black "Reig Albero, Ferran"]
[Result "1-0"]
[WhiteElo "2153"]
[BlackElo "2067"]
[PlyCount "57"]
[EventDate "2015.08.25"]
[EventRounds "9"]
[EventCountry "ESP"]

1. e4 d6 2. d4 Nf6 3. Nc3 g6 4. f4 Bg7 5. Nf3 O-O 6. Bd3 Na6 7. O-O c5 8. d5
Bg4 9. Bc4 Nd7 10. h3 Bxf3 11. Rxf3 Nb6 12. Bf1 c4 13. Be3 Nc5 14. Bd4 Bxd4+
15. Qxd4 Rc8 16. e5 e6 17. Rd1 exd5 18. f5 dxe5 19. Qxe5 Nbd7 20. Qxd5 Nb6 21.
Qe5 Qc7 22. Qe3 Ncd7 23. Ne4 Rfe8 24. f6 Nc5 25. Qh6 Ne6 26. h4 Nd7 27. Rxd7
Qxd7 28. Ng5 Qd4+ 29. Kh1 1-0

[Event "I OPEN INTERNACIONAL HOTEL MURTA (Event code: 116333)"]
[Site "Hotel Murta, Carrer Catedràtic Angel Lacalle, s/n, 46800 Xativa (Valencia)"]
[Date "2015.08.26"]
[Round "3"]
[Board "8"]
[White "Gonzalvez Tamarit, Ivan"]
[Black "Martin Rodriguez, Emilio"]
[Result "1-0"]
[WhiteElo "1750"]
[BlackElo "2098"]
[PlyCount "95"]
[EventDate "2015.08.25"]
[EventRounds "9"]
[EventCountry "ESP"]

1. d4 c5 2. d5 e5 3. c4 d6 4. e4 g6 5. Bd3 Bg7 6. Ne2 a6 7. O-O Ne7 8. Nbc3 O-O
9. Kh1 Nd7 10. Be3 f5 11. exf5 Nxf5 12. Bxf5 gxf5 13. f4 e4 14. a3 Nf6 15. b4
b6 16. Rb1 Qc7 17. Qb3 Nd7 18. a4 Rb8 19. Qa3 cxb4 20. Qxb4 Nc5 21. a5 b5 22.
cxb5 axb5 23. Nxb5 Qd7 24. Bxc5 dxc5 25. Qxc5 Ba6 26. Ned4 Bxd4 27. Nxd4 Bxf1
28. Rxf1 Rfc8 29. Nc6 Ra8 30. Ne7+ Kf7 31. Nxc8 Rxc8 32. Qb6 Qxd5 33. a6 Rc2
34. Rb1 Rc8 35. Qb7+ Qxb7 36. axb7 Rb8 37. Rb6 Ke7 38. Kg1 Kd7 39. Kf2 Kc7 40.
Rb2 Rxb7 41. Rxb7+ Kxb7 42. g4 fxg4 43. Ke3 Kc6 44. Kxe4 Kd6 45. f5 h5 46. Kf4
Kd5 47. Kg5 Ke5 48. f6 1-0

[Event "I OPEN INTERNACIONAL HOTEL MURTA (Event code: 116333)"]
[Site "Hotel Murta, Carrer Catedràtic Angel Lacalle, s/n, 46800 Xativa (Valencia)"]
[Date "2015.08.26"]
[Round "3"]
[Board "9"]
[White "Sanchez Tapia, Luis G."]
[Black "Cortes Marti, Javier"]
[Result "0-1"]
[WhiteElo "1665"]
[BlackElo "2081"]
[PlyCount "40"]
[EventDate "2015.08.25"]
[EventRounds "9"]
[EventCountry "ESP"]

1. Nf3 Nf6 2. c4 d6 3. d4 g6 4. Nc3 Bg7 5. e4 O-O 6. e5 dxe5 7. Nxe5 Nbd7 8. f4
c5 9. Be3 cxd4 10. Nxd7 dxc3 11. Nxf6+ Bxf6 12. Qxd8 Rxd8 13. b3 Bf5 14. a4 c2
15. Ra2 Rd1+ 16. Kf2 c1=Q 17. Bxc1 Rxc1 18. Rd2 e5 19. g3 Be4 20. Bg2 Rxh1 0-1

[Event "I OPEN INTERNACIONAL HOTEL MURTA (Event code: 116333)"]
[Site "Hotel Murta, Carrer Catedràtic Angel Lacalle, s/n, 46800 Xativa (Valencia)"]
[Date "2015.08.26"]
[Round "3"]
[Board "10"]
[White "Lluch Ventura, Enrique"]
[Black "Gonzalvez Tamarit, Ruben"]
[Result "0-1"]
[WhiteElo "1641"]
[BlackElo "1929"]
[PlyCount "112"]
[EventDate "2015.08.25"]
[EventRounds "9"]
[EventCountry "ESP"]

1. d4 Nf6 2. c4 e6 3. Nf3 Bb4+ 4. Bd2 Qe7 5. Nc3 O-O 6. e3 d5 7. a3 Bxc3 8.
Bxc3 Rd8 9. Bd3 Nbd7 10. b4 dxc4 11. Bxc4 Nd5 12. Qc2 N7b6 13. Bd3 Nxc3 14.
Qxc3 Nd5 15. Qc2 h6 16. O-O a5 17. b5 Bd7 18. Rfc1 c6 19. bxc6 Bxc6 20. Ne5
Rdc8 21. Qb3 a4 22. Qb2 Qg5 23. Bf1 Rab8 24. Nxc6 bxc6 25. Qc2 Rb3 26. Bc4 Rc3
27. Qd2 Rxc1+ 28. Rxc1 Rb8 29. Bxd5 Qxd5 30. h3 Rb3 31. Rc3 Qe4 32. Qc2 Qxc2
33. Rxc2 Rxa3 34. Rxc6 Rb3 35. Rc2 a3 36. Ra2 Kf8 37. Kh2 Ke7 38. Kg3 Kd6 39.
Kf4 Kd5 40. g4 Kc4 41. f3 Rc3 42. h4 g5+ 43. hxg5 hxg5+ 44. Ke4 f5+ 45. gxf5
exf5+ 46. Kxf5 Rxe3 47. d5 Kxd5 48. f4 gxf4 49. Kxf4 Rc3 50. Ra1 Kc4 51. Ke4
Kb3 52. Rb1+ Kc2 53. Rb8 a2 54. Ra8 Kb2 55. Kd4 Rb3 56. Kc4 Rb7 0-1

[Event "I OPEN INTERNACIONAL HOTEL MURTA (Event code: 116333)"]
[Site "Hotel Murta, Carrer Catedràtic Angel Lacalle, s/n, 46800 Xativa (Valencia)"]
[Date "2015.08.26"]
[Round "4"]
[Board "1"]
[White "Granero Roca, Antonio"]
[Black "Sanchez Saez, Francisco"]
[Result "1-0"]
[WhiteElo "2397"]
[BlackElo "2227"]
[PlyCount "55"]
[EventDate "2015.08.25"]
[EventRounds "9"]
[EventCountry "ESP"]

1. d4 Nf6 2. c4 g6 3. Nc3 Bg7 4. e4 d6 5. h3 O-O 6. Be3 e5 7. d5 a5 8. Nge2 Na6
9. g4 c6 10. Ng3 cxd5 11. cxd5 Nd7 12. h4 Ndc5 13. Be2 a4 14. Qd2 a3 15. b3 Nb4
16. Rc1 b6 17. Nb5 Nba6 18. Kf1 f5 19. gxf5 gxf5 20. exf5 Bxf5 21. Rc4 Qd7 22.
Nxf5 Qxf5 23. Rg1 Ne4 24. Qc2 Nac5 25. Bg4 Qf7 26. Rxe4 Qxd5 27. Bxc5 dxc5 28.
Nc7 1-0

[Event "I OPEN INTERNACIONAL HOTEL MURTA (Event code: 116333)"]
[Site "Hotel Murta, Carrer Catedràtic Angel Lacalle, s/n, 46800 Xativa (Valencia)"]
[Date "2015.08.26"]
[Round "4"]
[Board "2"]
[White "Cruz Lledo, Pablo"]
[Black "Castella Garcia, Fausto"]
[Result "1-0"]
[WhiteElo "2291"]
[BlackElo "2310"]
[PlyCount "95"]
[EventDate "2015.08.25"]
[EventRounds "9"]
[EventCountry "ESP"]

1. d4 Nf6 2. Nf3 g6 3. Bf4 Bg7 4. e3 O-O 5. Be2 d6 6. O-O Nfd7 7. h3 e5 8. Bh2
Nc6 9. c4 f5 10. Nc3 e4 11. Nd2 Nf6 12. Rb1 g5 13. b4 Ne7 14. Qb3 Ng6 15. d5 h5
16. c5 g4 17. cxd6 cxd6 18. Nb5 Ne8 19. hxg4 hxg4 20. Nc4 f4 21. exf4 Nxf4 22.
Bxf4 Rxf4 23. Qe3 Bh6 24. g3 Rf6 25. Qxe4 Bf5 26. Qd4 Bg7 27. Rbe1 a6 28. Nc3
Rh6 29. Qf4 Qf6 30. Ne3 Bd7 31. Ne4 Qxf4 32. gxf4 Bd4 33. Ng3 Ng7 34. f5 Kf7
35. Rd1 Bxe3 36. fxe3 Rh3 37. Kg2 Rah8 38. Bxg4 Rh2+ 39. Kf3 Bb5 40. Rf2 Rxf2+
41. Kxf2 Rh2+ 42. Kf3 Rxa2 43. Rc1 Kf6 44. Kf4 Rf2+ 45. Bf3 Bd3 46. e4 Rb2 47.
Rc7 Rxb4 48. Bh5 1-0

[Event "I OPEN INTERNACIONAL HOTEL MURTA (Event code: 116333)"]
[Site "Hotel Murta, Carrer Catedràtic Angel Lacalle, s/n, 46800 Xativa (Valencia)"]
[Date "2015.08.26"]
[Round "4"]
[Board "3"]
[White "Garcia Amoros, Pablo"]
[Black "Banos, Oscar"]
[Result "1/2-1/2"]
[WhiteElo "2153"]
[BlackElo "2237"]
[PlyCount "34"]
[EventDate "2015.08.25"]
[EventRounds "9"]
[EventCountry "ESP"]

1. e4 e6 2. d4 d5 3. Nd2 c5 4. exd5 Qxd5 5. Ngf3 cxd4 6. Bc4 Qd6 7. O-O Nf6 8.
Nb3 Nc6 9. Nbxd4 Nxd4 10. Nxd4 Be7 11. Re1 O-O 12. Bd3 Bd7 13. Bg5 Rad8 14. Nf3
Nd5 15. Be4 Bc6 16. c4 Nf6 17. Bxc6 Qxc6 1/2-1/2

[Event "I OPEN INTERNACIONAL HOTEL MURTA (Event code: 116333)"]
[Site "Hotel Murta, Carrer Catedràtic Angel Lacalle, s/n, 46800 Xativa (Valencia)"]
[Date "2015.08.26"]
[Round "4"]
[Board "4"]
[White "Montalban Galvez, Antoni"]
[Black "Gonzalvez Tamarit, Ivan"]
[Result "1-0"]
[WhiteElo "2186"]
[BlackElo "1750"]
[PlyCount "51"]
[EventDate "2015.08.25"]
[EventRounds "9"]
[EventCountry "ESP"]

1. Nf3 Nf6 2. c4 e6 3. g3 c5 4. Bg2 Be7 5. O-O O-O 6. Nc3 Nc6 7. d4 d6 8. b3 e5
9. d5 Nb4 10. a3 Na6 11. Ne1 Nc7 12. b4 b6 13. Nd3 h6 14. Bd2 Nh7 15. e4 f5 16.
f4 exf4 17. Bxf4 fxe4 18. Nxe4 Ng5 19. Bxg5 Bxg5 20. Rxf8+ Qxf8 21. Nxg5 hxg5
22. bxc5 bxc5 23. Nxc5 dxc5 24. d6 Rb8 25. dxc7 Rb2 26. Bd5+ 1-0

[Event "I OPEN INTERNACIONAL HOTEL MURTA (Event code: 116333)"]
[Site "Hotel Murta, Carrer Catedràtic Angel Lacalle, s/n, 46800 Xativa (Valencia)"]
[Date "2015.08.26"]
[Round "4"]
[Board "5"]
[White "Uran Bermudez, Oliver Kevin"]
[Black "Morant Amezaga, Elies"]
[Result "1-0"]
[WhiteElo "2216"]
[BlackElo "1975"]
[PlyCount "97"]
[EventDate "2015.08.25"]
[EventRounds "9"]
[EventCountry "ESP"]

1. e4 e5 2. Nf3 Nf6 3. Nc3 Nc6 4. Bb5 Bb4 5. d3 d6 6. Bg5 Bxc3+ 7. bxc3 O-O 8.
h3 Qe7 9. O-O Nd8 10. d4 Ne6 11. Bh4 Nf4 12. Re1 c6 13. Bf1 h6 14. Qd2 Ng6 15.
Bg3 Nh5 16. Bh2 Nhf4 17. Rad1 Qf6 18. Re3 Be6 19. c4 c5 20. d5 Bd7 21. Kh1 a6
22. Ng1 Ne7 23. Rf3 Qg5 24. Bxf4 exf4 25. Qxf4 Qxf4 26. Rxf4 Ng6 27. Rf3 b5 28.
Rb3 b4 29. Re3 f5 30. Rd2 f4 31. Re1 Ne5 32. Be2 g5 33. Nf3 Rae8 34. Nxe5 Rxe5
35. Bg4 Bxg4 36. hxg4 f3 37. Rd3 fxg2+ 38. Kxg2 Kg7 39. Rf3 Rfe8 40. Rfe3 a5
41. f3 Kf6 42. Kf2 R5e7 43. Rh1 Rh7 44. Re2 Ke5 45. Ke3 Rf8 46. Reh2 Rf6 47.
Rh5 Rg6 48. f4+ Kf6 49. fxg5+ 1-0

[Event "I OPEN INTERNACIONAL HOTEL MURTA (Event code: 116333)"]
[Site "Hotel Murta, Carrer Catedràtic Angel Lacalle, s/n, 46800 Xativa (Valencia)"]
[Date "2015.08.26"]
[Round "4"]
[Board "6"]
[White "Marco Francisco, Miriam"]
[Black "Sanchez Jerez, Emilio Miguel"]
[Result "0-1"]
[WhiteElo "1835"]
[BlackElo "2187"]
[PlyCount "54"]
[EventDate "2015.08.25"]
[EventRounds "9"]
[EventCountry "ESP"]

1. e4 c6 2. d4 d5 3. e5 c5 4. f4 Nc6 5. Nf3 Bg4 6. dxc5 e6 7. Be2 Bxc5 8. c3 a5
9. Qb3 Nge7 10. Qb5 b6 11. Nbd2 O-O 12. Nb3 Na7 13. Qd3 Bf5 14. Qd1 Nac6 15.
Nbd4 Be4 16. Ng5 Bxd4 17. cxd4 Nf5 18. Bd3 Bxd3 19. Qxd3 Nb4 20. Qd1 Qc7 21.
O-O Qc4 22. Qh5 Qxd4+ 23. Be3 Qxe3+ 24. Kh1 h6 25. Rf3 Qe2 26. Raf1 Rac8 27. g4
Ne3 0-1

[Event "I OPEN INTERNACIONAL HOTEL MURTA (Event code: 116333)"]
[Site "Hotel Murta, Carrer Catedràtic Angel Lacalle, s/n, 46800 Xativa (Valencia)"]
[Date "2015.08.26"]
[Round "4"]
[Board "7"]
[White "Cortes Marti, Javier"]
[Black "Polop Navarro, Jose"]
[Result "1-0"]
[WhiteElo "2081"]
[BlackElo "1807"]
[PlyCount "121"]
[EventDate "2015.08.25"]
[EventRounds "9"]
[EventCountry "ESP"]

1. e4 e5 2. f4 exf4 3. Nf3 d6 4. d4 c6 5. Bxf4 Nf6 6. Nc3 h6 7. Bc4 Be7 8. O-O
O-O 9. Qd2 Nbd7 10. Rad1 Nh7 11. Kh1 Nb6 12. Bd3 Bg4 13. Qf2 Kh8 14. e5 d5 15.
Rde1 Qc8 16. Qe3 Bf5 17. Nd2 Bxd3 18. Qxd3 Qe6 19. Re3 Rac8 20. Rh3 c5 21. Ne2
Qg6 22. dxc5 Rxc5 23. c3 Bg5 24. Qe3 Rc6 25. Nd4 Rcc8 26. Rg3 Nc4 27. Nxc4 dxc4
28. Qf3 Qb6 29. Qe2 a6 30. Nf5 Rce8 31. h4 Bxf4 32. Rxf4 Qc5 33. Re4 Rg8 34.
Nd6 Re7 35. Nxc4 Nf8 36. Nd6 Ng6 37. h5 Nxe5 38. Rxe5 Qxd6 39. Rxe7 Qxg3 40.
Rxb7 Qh4+ 41. Kg1 Qa4 42. Rxf7 Qxa2 43. Rf2 Qa5 44. Kh2 Qg5 45. g3 Rd8 46. Kh3
Ra8 47. g4 Qd5 48. Qf3 Qd8 49. b4 Rb8 50. Rb2 Qc7 51. Qg3 Qd8 52. c4 Rb7 53. c5
Rd7 54. Re2 Rd4 55. c6 Qf8 56. Qe3 Qf1+ 57. Kg3 Rd8 58. c7 Rc8 59. Qe8+ Kh7 60.
Qg6+ Kh8 61. Re8+ 1-0

[Event "I OPEN INTERNACIONAL HOTEL MURTA (Event code: 116333)"]
[Site "Hotel Murta, Carrer Catedràtic Angel Lacalle, s/n, 46800 Xativa (Valencia)"]
[Date "2015.08.26"]
[Round "4"]
[Board "8"]
[White "Albuixec Sanz, Jorge"]
[Black "Gonzalvez Perales, Jose Luis"]
[Result "0-1"]
[WhiteElo "1806"]
[BlackElo "2010"]
[PlyCount "62"]
[EventDate "2015.08.25"]
[EventRounds "9"]
[EventCountry "ESP"]

1. e4 d5 2. exd5 Qxd5 3. Nc3 Qd6 4. d4 Nf6 5. Nf3 c6 6. Bd3 Bg4 7. Ne4 Nxe4 8.
Bxe4 Nd7 9. h3 Bh5 10. Be3 Nf6 11. Bd3 e6 12. Qe2 Bxf3 13. gxf3 Nd5 14. O-O-O
Be7 15. Rhg1 Bf6 16. c3 a5 17. Qd2 a4 18. a3 b5 19. Bg5 Bxg5 20. Qxg5 g6 21.
Rg4 h6 22. Qh4 Nxc3 23. Qf6 Rg8 24. Rf4 Ra7 25. bxc3 Qxa3+ 26. Kd2 Qb2+ 27. Bc2
b4 28. d5 b3 29. Rc1 Rd7 30. Rxa4 Rxd5+ 31. Ke3 Qxc1+ 0-1

[Event "I OPEN INTERNACIONAL HOTEL MURTA (Event code: 116333)"]
[Site "Hotel Murta, Carrer Catedràtic Angel Lacalle, s/n, 46800 Xativa (Valencia)"]
[Date "2015.08.26"]
[Round "4"]
[Board "9"]
[White "Villar, Juan"]
[Black "Manez Alino, Salvador"]
[Result "1-0"]
[WhiteElo "2008"]
[BlackElo "1781"]
[PlyCount "67"]
[EventDate "2015.08.25"]
[EventRounds "9"]
[EventCountry "ESP"]

1. d4 Nf6 2. c4 e6 3. g3 d5 4. Nf3 Be7 5. Bg2 O-O 6. O-O Nbd7 7. Nbd2 c5 8.
cxd5 exd5 9. dxc5 Nxc5 10. Nb3 Be6 11. Nbd4 Rc8 12. b3 Nce4 13. Nxe6 fxe6 14.
Nd4 Qb6 15. Bb2 Bc5 16. e3 Bb4 17. Rc1 Nd2 18. Re1 Nde4 19. Re2 Qd6 20. Rec2
Rxc2 21. Qxc2 Bd2 22. Rd1 Ba5 23. Bh3 Re8 24. Bf1 Qb6 25. Bb5 Qd8 26. Bxe8 Qxe8
27. Rc1 Bb6 28. f3 Bxd4 29. Bxd4 Ng5 30. Qc8 Nxf3+ 31. Kg2 Ne1+ 32. Kf1 Nd3 33.
Qxe8+ Nxe8 34. Rd1 1-0

[Event "I OPEN INTERNACIONAL HOTEL MURTA (Event code: 116333)"]
[Site "Hotel Murta, Carrer Catedràtic Angel Lacalle, s/n, 46800 Xativa (Valencia)"]
[Date "2015.08.26"]
[Round "4"]
[Board "10"]
[White "Gonzalvez Tamarit, Ruben"]
[Black "Carmona Huertas, Juan Antonio"]
[Result "1-0"]
[WhiteElo "1929"]
[BlackElo "1773"]
[PlyCount "108"]
[EventDate "2015.08.25"]
[EventRounds "9"]
[EventCountry "ESP"]

1. g3 d5 2. Bg2 f5 3. d4 Nf6 4. e3 e6 5. Ne2 Bd6 6. Nd2 c5 7. O-O Nc6 8. c4 g5
9. Nc3 cxd4 10. exd4 Bb4 11. cxd5 exd5 12. Re1+ Kf7 13. Nf3 h6 14. Ne5+ Nxe5
15. dxe5 Ne4 16. Nxe4 fxe4 17. Qh5+ Kg7 18. Rd1 Bf5 19. a3 Bc5 20. Qe2 a6 21.
b4 Bb6 22. Bb2 Re8 23. g4 Bg6 24. Qd2 d4 25. Bxd4 Bxd4 26. Qxd4 Qxd4 27. Rxd4
Rxe5 28. Rd7+ Kf6 29. Rxb7 Rc8 30. Re1 Re6 31. Bf1 Rcc6 32. b5 axb5 33. Bxb5
Rb6 34. Rxb6 Rxb6 35. a4 Ke5 36. Rc1 Kd5 37. Kf1 h5 38. h3 hxg4 39. hxg4 Bf7
40. Bc4+ Ke5 41. Bxf7 Kf4 42. Bh5 e3 43. fxe3+ Kxe3 44. Rc5 Rb1+ 45. Kg2 Rb2+
46. Kg3 Rb1 47. Re5+ Kd4 48. Rxg5 Rb3+ 49. Kf4 Rb4 50. a5 Kd3+ 51. Kf5 Kd4 52.
Kg6 Ra4 53. Kh6 Ke4 54. Rb5 Kf4 1-0

[Event "I OPEN INTERNACIONAL HOTEL MURTA (Event code: 116333)"]
[Site "Hotel Murta, Carrer Catedràtic Angel Lacalle, s/n, 46800 Xativa (Valencia)"]
[Date "2015.08.27"]
[Round "5"]
[Board "1"]
[White "Cruz Lledo, Pablo"]
[Black "Granero Roca, Antonio"]
[Result "1/2-1/2"]
[WhiteElo "2291"]
[BlackElo "2397"]
[PlyCount "74"]
[EventDate "2015.08.25"]
[EventRounds "9"]
[EventCountry "ESP"]

1. d4 Nf6 2. c4 e6 3. Nc3 Bb4 4. Nf3 O-O 5. Bg5 c5 6. Rc1 h6 7. Bh4 b6 8. a3
cxd4 9. axb4 dxc3 10. bxc3 a5 11. e3 Na6 12. Qb3 Bb7 13. Be2 Qe7 14. Rb1 Be4
15. Rb2 d5 16. O-O dxc4 17. Qxc4 Qc7 18. Qxc7 Nxc7 19. Bxf6 gxf6 20. Nd2 f5 21.
Nc4 axb4 22. cxb4 Rfb8 23. Rc1 Ra7 24. f3 Bd5 25. Ne5 Ne8 26. Rbc2 Kg7 27. Bb5
Ra3 28. Bxe8 Rxe3 29. Nxf7 Rxe8 30. Rc7 Kf6 31. f4 Re2 32. Ne5 Rxg2+ 33. Kf1
Re7 34. Rxe7 Kxe7 35. Rc7+ Ke8 36. Rc8+ Ke7 37. Rc7+ Ke8 1/2-1/2

[Event "I OPEN INTERNACIONAL HOTEL MURTA (Event code: 116333)"]
[Site "Hotel Murta, Carrer Catedràtic Angel Lacalle, s/n, 46800 Xativa (Valencia)"]
[Date "2015.08.27"]
[Round "5"]
[Board "2"]
[White "Castella Garcia, Fausto"]
[Black "Hassomal Daswani, Birjkumar"]
[Result "1/2-1/2"]
[WhiteElo "2310"]
[BlackElo "2109"]
[PlyCount "54"]
[EventDate "2015.08.25"]
[EventRounds "9"]
[EventCountry "ESP"]

1. e4 c5 2. Nc3 g6 3. Bc4 d6 4. f4 Bg7 5. Nf3 a6 6. a3 Nc6 7. O-O Nf6 8. d3 O-O
9. f5 gxf5 10. Bg5 fxe4 11. dxe4 Bg4 12. Qe1 Bxf3 13. gxf3 Ne5 14. Ba2 Kh8 15.
Kh1 h6 16. Be3 Qd7 17. Ne2 Rg8 18. Nf4 Kh7 19. Qe2 h5 20. Nd3 Nxd3 21. Qxd3 e5
22. Rad1 Rad8 23. Rg1 Bh6 24. Bxh6 Kxh6 25. Rxg8 Nxg8 26. Rg1 Qe7 27. Qd5 Qf6
 1/2-1/2

[Event "I OPEN INTERNACIONAL HOTEL MURTA (Event code: 116333)"]
[Site "Hotel Murta, Carrer Catedràtic Angel Lacalle, s/n, 46800 Xativa (Valencia)"]
[Date "2015.08.27"]
[Round "5"]
[Board "3"]
[White "Banos, Oscar"]
[Black "Cortes Marti, Javier"]
[Result "0-1"]
[WhiteElo "2237"]
[BlackElo "2081"]
[PlyCount "123"]
[EventDate "2015.08.25"]
[EventRounds "9"]
[EventCountry "ESP"]

1. c4 Nf6 2. Nf3 e6 3. g3 b6 4. Bg2 Bb7 5. O-O Be7 6. b3 O-O 7. Bb2 d5 8. e3
Nbd7 9. Nc3 c6 10. Rc1 Rc8 11. Qe2 a6 12. d4 b5 13. Rfd1 Qb6 14. c5 Qc7 15. b4
Rfe8 16. a4 Bf8 17. Ra1 Ra8 18. Rdc1 g6 19. Qc2 Rec8 20. Bf1 Bg7 21. axb5 axb5
22. Bxb5 Rxa1 23. Bxa1 cxb5 24. Nxb5 Qb8 25. Nd6 Rc7 26. Ng5 Nf8 27. b5 Ne8 28.
b6 Re7 29. Ngxf7 Bc6 30. Nxe8 Qxe8 31. Nd6 Qb8 32. Rb1 Nd7 33. b7 Bf8 34. Qa2
Nf6 35. Qa6 Rc7 36. Bc3 Bxd6 37. cxd6 Rxb7 38. Rxb7 Qxb7 39. Qa5 Qd7 40. Bb4
Ne4 41. Qa3 Qf7 42. f4 Kg7 43. Qa5 Qb7 44. Qd8 Qd7 45. Qb8 g5 46. Kg2 gxf4 47.
exf4 Qf7 48. Qd8 Nf6 49. Bc5 Bd7 50. h3 h5 51. Qb8 Qg6 52. Qb2 Qe4+ 53. Kh2 h4
54. Qf2 hxg3+ 55. Qxg3+ Qg6 56. Qb3 Ne4 57. Bb4 Qh5 58. Qe3 Qd1 59. Be1 Kf7 60.
Kg1 Nxd6 61. Qf2 Nf5 62. Qa2 0-1

[Event "I OPEN INTERNACIONAL HOTEL MURTA (Event code: 116333)"]
[Site "Hotel Murta, Carrer Catedràtic Angel Lacalle, s/n, 46800 Xativa (Valencia)"]
[Date "2015.08.27"]
[Round "5"]
[Board "4"]
[White "Sanchez Saez, Francisco"]
[Black "Gonzalvez Tamarit, Ruben"]
[Result "1-0"]
[WhiteElo "2227"]
[BlackElo "1929"]
[PlyCount "73"]
[EventDate "2015.08.25"]
[EventRounds "9"]
[EventCountry "ESP"]

1. c4 Nf6 2. g3 e6 3. Bg2 Nc6 4. Nf3 b6 5. O-O Bb7 6. b3 Be7 7. Bb2 O-O 8. Nc3
d5 9. e3 dxc4 10. bxc4 Nb4 11. d4 c5 12. a3 Na6 13. d5 exd5 14. Nh4 Ne4 15.
Nxd5 Bxd5 16. cxd5 Bxh4 17. Bxe4 Bf6 18. Bxf6 Qxf6 19. Qd3 c4 20. Qxc4 Nc5 21.
Bg2 Rac8 22. Rac1 Qb2 23. Qc3 Qxc3 24. Rxc3 Rfd8 25. e4 Kf8 26. e5 f6 27. f4 f5
28. Rfc1 Ke7 29. h3 Kd7 30. Bf1 g6 31. Bb5+ Ke7 32. d6+ Ke6 33. Ba6 Rb8 34.
Bc4+ Kd7 35. Rd1 Rbc8 36. e6+ Nxe6 37. Bb5+ 1-0

[Event "I OPEN INTERNACIONAL HOTEL MURTA (Event code: 116333)"]
[Site "Hotel Murta, Carrer Catedràtic Angel Lacalle, s/n, 46800 Xativa (Valencia)"]
[Date "2015.08.27"]
[Round "5"]
[Board "5"]
[White "Gonzalvez Perales, Jose Luis"]
[Black "Uran Bermudez, Oliver Kevin"]
[Result "0-1"]
[WhiteElo "2010"]
[BlackElo "2216"]
[PlyCount "98"]
[EventDate "2015.08.25"]
[EventRounds "9"]
[EventCountry "ESP"]

1. e4 c5 2. c3 Nf6 3. e5 Nd5 4. Nf3 Nc6 5. Bc4 Nb6 6. Bb3 c4 7. Bc2 Qc7 8. Qe2
e6 9. O-O d6 10. exd6 Bxd6 11. d4 cxd3 12. Qxd3 Ne5 13. Nxe5 Bxe5 14. f4 Bf6
15. f5 exf5 16. Bf4 Qc4 17. Qd6 Be7 18. Qe5 Be6 19. Na3 Qc5+ 20. Kh1 Qxe5 21.
Bxe5 f6 22. Bd4 g6 23. Rfe1 Kf7 24. Nb5 Rhc8 25. Bb3 Bxb3 26. axb3 a6 27. Bxb6
axb5 28. b4 Rxa1 29. Rxa1 Rc6 30. Bd4 Ra6 31. Rxa6 bxa6 32. Kg1 Ke6 33. Kf2 Bd6
34. h3 Be5 35. Bb6 Kd5 36. g4 fxg4 37. hxg4 Ke4 38. Be3 g5 39. Ke2 h6 40. Bd2
f5 41. gxf5 Kxf5 42. Kf3 h5 43. b3 g4+ 44. Kg2 h4 45. c4 h3+ 46. Kh1 g3 47. Be3
Ke4 48. Bb6 g2+ 49. Kg1 Kf3 0-1

[Event "I OPEN INTERNACIONAL HOTEL MURTA (Event code: 116333)"]
[Site "Hotel Murta, Carrer Catedràtic Angel Lacalle, s/n, 46800 Xativa (Valencia)"]
[Date "2015.08.27"]
[Round "5"]
[Board "6"]
[White "Sanchez Jerez, Emilio Miguel"]
[Black "Villar, Juan"]
[Result "1-0"]
[WhiteElo "2187"]
[BlackElo "2008"]
[PlyCount "89"]
[EventDate "2015.08.25"]
[EventRounds "9"]
[EventCountry "ESP"]

1. Nc3 c5 2. e4 e6 3. Nf3 d6 4. d4 cxd4 5. Nxd4 Nf6 6. g4 h6 7. Bg2 Nc6 8. h4
Nxd4 9. Qxd4 e5 10. Qa4+ Bd7 11. Qb3 Bxg4 12. Qxb7 Be7 13. Qb5+ Bd7 14. Qd3 O-O
15. Be3 Qa5 16. Bh3 Bxh3 17. Rxh3 d5 18. exd5 Bb4 19. O-O-O Rfd8 20. Bg5 Bxc3
21. Bxf6 Bxb2+ 22. Kxb2 Qb6+ 23. Ka1 Qxf6 24. Rg3 Rab8 25. Qe4 Rb6 26. Rdg1 g6
27. h5 g5 28. Rf3 Qg7 29. Rf5 Rf6 30. Rxf6 Qxf6 31. f3 Qd6 32. Rd1 Rb8 33. c4
Rb4 34. Rc1 Kf8 35. Qf5 a5 36. Qc8+ Kg7 37. Qf5 a4 38. Qd3 Qc5 39. Re1 Qd4+ 40.
Qxd4 exd4 41. d6 Rb7 42. c5 Rd7 43. Re4 d3 44. Kb2 Rb7+ 45. Kc3 1-0

[Event "I OPEN INTERNACIONAL HOTEL MURTA (Event code: 116333)"]
[Site "Hotel Murta, Carrer Catedràtic Angel Lacalle, s/n, 46800 Xativa (Valencia)"]
[Date "2015.08.27"]
[Round "5"]
[Board "7"]
[White "Garnacho Velasco, Eduardo"]
[Black "Garcia Amoros, Pablo"]
[Result "0-1"]
[WhiteElo "1778"]
[BlackElo "2153"]
[PlyCount "70"]
[EventDate "2015.08.25"]
[EventRounds "9"]
[EventCountry "ESP"]

1. e4 c5 2. Nf3 d6 3. d4 cxd4 4. Nxd4 Nf6 5. Nc3 a6 6. Be3 e5 7. Nb3 Be6 8. f3
Nbd7 9. Qd2 Rc8 10. O-O-O b5 11. g4 Nb6 12. g5 Nh5 13. Kb1 Be7 14. Nd5 Bxd5 15.
exd5 Nc4 16. Bxc4 bxc4 17. Nc1 c3 18. Qg2 cxb2 19. Ne2 Rc4 20. Rd3 O-O 21. Ng3
Nxg3 22. hxg3 Bxg5 23. f4 Bf6 24. Qh3 h6 25. fxe5 Bxe5 26. Bxh6 gxh6 27. Qxh6
Re8 28. Rf3 Bg7 29. Qh7+ Kf8 30. Rxf7+ Kxf7 31. Rf1+ Qf6 32. Qh5+ Kf8 33. Rxf6+
Bxf6 34. c3 Rxc3 35. Qh6+ Bg7 0-1